00439nam a2200157Ia 4500001001000000003000500010008004100015010001100056040000900067082001800076110003400094245006400128260003100192300001100223650004700234Para_6882CHAP220125s1984 xx 000 0 und d a205660 cCHAP aPA 630.72 U55 aUACh. Dirección Académica aSemana de la investigación :b resúmenes /c por UACh aChapingo, Méx. :b UACh a195 P. aAgricultura x investigación x México